000 01715nam a22004097a 4500
003 CHAP
005 20220817042627.0
008 971013s1982 r 00010 d
010 _a50311
011 _a51283
035 _a55433
040 _cCHAP
082 _a338.1736
_bP5
100 0 0 _aPiñeiro, Martín.
_988469
245 _aArticulación social y cambio técnico
_b: la producción de azúcar en Colombia
260 _aSan José, Costa Rica :
_bInstituto Interamericano de Cooperación para la Agricultura,
_c1982
300 _a416 p.
_b: gráfs.
490 _aSerie de investigación y desarrollo
_v; 7
590 _aBATCH-UPD
_b10
_c20130110
_lUCH01
_h0510
590 _aBATCH-UPD
_b10
_c20130110
_lUCH01
_h2329
590 _aBATCH-UPD
_b10
_c20130410
_lUCH01
_h0148
590 _aBATCH-UPD
_b10
_c20130410
_lUCH01
_h1618
590 _aBATCH-UPD
_b10
_c20130914
_lUCH01
_h0510
590 _aBATCH-UPD
_b10
_c20130914
_lUCH01
_h2130
590 _aCONVERSION
_b10
_c20130109
_lUCH01
_h1327
650 1 4 _aAgricultura
_xInnovaciones tecnológicas.
_91565
650 1 4 _aAzúcar
_xProducción
_xColombia.
_99172
710 0 _aInstituto Interamericano de Cooperación para la Agricultura.
830 0 _aSerie de investigación y desarrollo
_v; 7
_9104748
901 _aBK
942 _cLIBRO
949 _a338.1736 P5
_bBC
_cLIBRO
_d33724000112645
_eLIBRO
_h62047
_i55433
_mD
_si
949 _a338.1736 P5
_bBC
_cLIBRO
_d33724000112652
_eLIBRO
_fc.2
_gI.c/e
_h69083
_i55433
_si
949 _a338.1736 P5
_bBC
_cLIBRO
_d33724000112660
_eLIBRO
_fc.3
_gI.c/e
_h69084
_i55433
_si
949 _a338.1736 P5
_bBC
_cLIBRO
_d33724000112678
_eLIBRO
_fc.4
_h69248
_i55433
_si
949 _a338.1736 P5
_bBC
_cLIBRO
_d33724000112686
_eLIBRO
_fc.5
_h73159
_i55433
_si
999 _c50311
_d50311